000
00206 a2200097 4500
001
7158
100
_a
Dalton, H
245
_a
Principles of public finance
260
_a
_b
Routledge
_c
090
_c
5927
_d
5927
942
_a
NUST-CAE
_c
M
_c
32408
999
_c
242231
_d
242231